[Event "GER-chT U10"]
[Site "Magdeburg"]
[Date "2012.12.29"]
[Round "7.3"]
[White "Riegel, Simon"]
[Black "Boelke, Luka"]
[Result "1-0"]
[WhiteElo "681"]
[BlackElo "789"]
[PlyCount "23"]
[EventDate "2012.12.27"]
[EventType "team-swiss"]
[EventRounds "7"]
[EventCountry "GER"]
[SourceTitle "EXT 2014"]
[Source "ChessBase"]
[SourceDate "2013.11.20"]
[SourceVersion "1"]
[SourceVersionDate "2013.11.20"]
[SourceQuality "1"]
[WhiteTeam "Langen"]
[BlackTeam "Ottersleben"]
[WhiteTeamCountry "GER"]
[BlackTeamCountry "GER"]

1. e4 e5 2. Nf3 Nc6 3. Bb5 Bc5 4. Nc3 Nf6 5. Nxe5 Nxe5 6. d4 Nc6 7. dxc5 d6 8. cxd6 cxd6 9. Bxc6+ bxc6 10. e5 Ng4 11. Qxd6 Qa5 12. Qxc6+ 1-0